Movies Quiz

Random Movies or Quote Quiz

Rush Hour Trilogy Quotes Quiz Stats

 Plays Quiz not verified by Sporcle

Also try: Ben Stiller Movies
Challenge
Share
Tweet
Embed
Score 0/20 Timer 02:00
0 Plays Today
Quote Movie % Correct
'Wipe yourself off, you dead.'Rush Hour
96.5%
'Mushu, you hungry?'Rush Hour 2
94.9%
'Maybe we should put on a dirty movie. Only $9.95!'Rush Hour 3
94%
'All right, listen up! All the Triads and the ugly women on this side, and all the fine women on this side, right now!' Rush Hour 2
93.3%
'We can hang in my crib. I will show you my hood.' Rush Hour
93.1%
'I don't like my chickens alive. I like em dead and deep fried. You ever heard of Popeyes?'Rush Hour 2
91.4%
'Fifty million dollars? Man, who do you think you kidnapped? Chelsea Clinton? 'Rush Hour
91.3%
'You lucky we're not in Hong Kong. Phone book twice as big.' Rush Hour 3
90%
'Look at this. That's cigaweed!'Rush Hour
89.3%
'You are a civilian. In Hong Kong, I'm Michael Jackson, you are Toto.'Rush Hour 2
87.3%
Quote Movie % Correct
'If you're half Chinese, I'm half black. I'm your brother and I'm fly. You down with that, Snoopy? That's dope, innit?' Rush Hour 3
84.8%
'San Juan! I've been there many times on my private plane. You must know my good friend Pedro Morales Magonzales Morotto Malosso Megusto.Rush Hour 2
81.2%
'It is not my job to be jumping on and off of buses, I don't do that, I am not Carl Lewis!'Rush Hour
77.8%
'You know, we could have been a good couple. We could have had something special. But you one crazy-ass bitch!' Rush Hour 2
72.9%
'Every garden I'm nervous!'Rush Hour 2
67.7%
'Come on Crouching Tiger. Don't hide that dragon!'Rush Hour 3
64.2%
'You told everyone to take out their Samurai swords and shave your butt.'Rush Hour 2
57.3%
'See, how difficult is that? My English? He even cannot say 3 words.'Rush Hour
53.4%
'No wonder Lance Armstrong came all the way here to ride a bike!' Rush Hour 3
49%
'What's wrong with you man? You never step in front of a black man at a buffet line.' Rush Hour 2
44.6%

You're not logged in!

Compare scores with friends on all Sporcle quizzes.
OR
Log In

You Might Also Like...

Show Comments

Extras

Top Quizzes Today


Score Distribution

Your Account Isn't Verified!

In order to create a playlist on Sporcle, you need to verify the email address you used during registration. Go to your Sporcle Settings to finish the process.

Report this User

Report this user for behavior that violates our Community Guidelines.

Details: